00475nam a2200181 a 4500001001300000003000900013005001700022008004100039020001000080082001800090100002100108245005600129260003400185300000900219500003500228650000900263700002100272nice12345678IN_TiNIC20260116014746.0070828s2004 dela grp 000 0 eng  ac29500a362.1969bDCR aD`Cruz, Premilla aFamily Care in HIV/AIDSb Exploring Lied Experience aDelhibSage Publicationc2004 a218p aincludes index and biblioraphy aAids1 aD`Cruz, Premilla